000 00326nam a22001457a 4500
008 250428b |||||||| |||| 00| 0 eng d
020 _a9789358409994
040 _a04
100 _aMISRA & PURI
245 _aINDIAN ECONOMICS
260 _aHIMALAYA PUBLISHING HOUSE
300 _a892
650 _aECONOMICS
942 _c06
999 _c65477
_d65477